| 000 | 00676nam a2200265Ia 4500 | ||
|---|---|---|---|
| 003 | OSt | ||
| 005 | 20220912152002.0 | ||
| 006 | a|||||r|||| 00| 0 | ||
| 007 | ta | ||
| 008 | 220909b |||||||| |||| 00| 0 eng d | ||
| 024 | _a62698 | ||
| 037 | _cTextual | ||
| 040 |
_aCSL _beng _cCSL |
||
| 041 | _aeng | ||
| 082 | _aE296:132, G5 CS | ||
| 100 | _aHevesy G | ||
| 245 | 0 | _aArtificial radioactivity of scandium | |
| 260 | _c1935 | ||
| 300 |
_ap. _ccm. |
||
| 490 | _aMathematisk-Frysiske meddelelser; 13 | ||
| 650 | _a Radiochemistry | ||
| 650 | _aPhysical chemistry | ||
| 942 |
_hE296:132, G5 CS _cTEXL _2CC |
||
| 999 |
_c78646 _d78646 |
||